00727nam a2200181 a 450000500170000000800410001704000350005804100080009304400070010108200180010824501180012626001040024430000370034850400410038565000360042665000440046270000390050620160623164808.0011130s2006 sp gr 00010 spa d aCO-BoBLA cCO-BoBLAdCo-BoIAvH0 aspa ack04a001.42 bO84c10aCartilla de citas : bpautas para citar textos y hacer listas de referencia / ccompilado por Marcela Ossa Parra.3 aBogotá : bUniversidad de los Andes. Decanatura de Estudiantes y Bienestar Universitario, c2006. a90 páginas ; c23 centimetros. aIncluye referencias bibliográficas16aBibliografíax Metodología.16aCitas bibliográficasx Metodología.12aOssa Parra, Marcela, ecompiladora